00488nam a2200121Ia 4500008004100000100002100041245007700062245006200139260000900201300002900210440005200239650007500291171207s9999 xx 000 0 und d aLehto, Xinran Y. aVacation Benefits and Activities Understanding Chinese Family Travelers  cXinran Y. Lehto, Xiaoxiao Fu, Hanliang Li, Lingqiang Zhou c2017 apages 301-28, March 2017 aJournal of Hospitality & Tourism Researchv41:3 aFAMILY TRAVELERS, CHINA TOURISM, VACATION BENEFITS, LEISURE ACTIVITIES